00217nam a2200085Ia 4500008004100000041000800041100002400049245002000073260003800093231107s1994 xx 000 0 und d aeng aElizabeth B.Kassler aThe French Room aLondonbConran Octopus pub.c1994